000 00542nam a22001937a 4500
003 MPLRDC
005 20220104143120.0
008 210129b ||||| |||| 00| 0 eng d
020 _a9971-63-139-3
082 _a524.9255 DZ c.2 1988
100 _a马来西亚华文独立中学统一课程编委会编纂
245 _a北美洲
_c
250 _a再版
260 _a
_b泛太平洋书业私人有限公司
_c1988
300 _b
490 _a高中地理
650 _a中等教育--高中地理
942 _cBK
_o524.9255 DZ c.2 1988
999 _c36777
_d36767